De la historia negra (Registro nro. 299142)

Detalles MARC
000 -ENCABEZADO
Número de control [NR] 00960 a2200253 4500
005 - FECHA Y HORA DE LA ÚLTIMA TRANSACCIÓN
control field 20150414082513.0
008 - DE LONGITUD FIJA DE DATOS DE ELEMENTOS - INFORMACIÓN GENERAL
Elementos de longitud fija [NR] 150414s2014 ck ||||fr|||| 00| 0 spa d
020 ## - NUMERO INTERNACIONAL NORMALIZADO PARA LIBROS [R]
Número Internacional Normalizado del libro [NR] 9789588539625
040 ## - FUENTE DE CATALOGACION [NR]
Agencia de catalogación original [NR] CO-BoUCM
Idioma de catalogación [NR] spa
Quien Cataloga Jose A. Gerena
Quien Clasifica Jose A. Gerena
041 ## - CODIGO DE IDIOMA [R]
Código de idioma para texto/pista de sonido o título separado [R] Español
245 06 - MENCION DE TITULO [NR]
Título [NR] De la historia negra
Parte restante del título [NR] símbolo, cosmovisión y resistencia
Mención de responsabilidad, etc. [NR] compilado por Alfonso Cassiani Herrera
260 ## - PUBLICACION, DISTRIBUCION, ETC. (PIE DE IMPRENTA) [R]
Fecha de publicación, distribución, etc. [R] 2014
Nombre del editor, distribuidor, etc. [R] Icultur
Lugar de publicación, distribución, etc. [R] Cartagena (Colombia)
300 ## - DESCRIPCION FISICA [R]
Extensión [R] 239 páginas
650 #7 - ASIENTO SECUNDARIO DE MATERIA - TERMINO TEMATICO [R]
9 (RLIN) 12390
Término temático o nombre geográfico como elemento de entrada [NR] Cultura
650 #7 - ASIENTO SECUNDARIO DE MATERIA - TERMINO TEMATICO [R]
9 (RLIN) 62482
Término temático o nombre geográfico como elemento de entrada [NR] Afrodescendientes
Subdivisión general [R] Aspectos sociales
Subdivisión geográfica [R] Colombia
650 #7 - ASIENTO SECUNDARIO DE MATERIA - TERMINO TEMATICO [R]
Término temático o nombre geográfico como elemento de entrada [NR] Afrodescendientes
Subdivisión general [R] Aspectos culturales
Subdivisión geográfica [R] Colombia
9 (RLIN) 68350
651 #4 - ASIENTO SECUNDARIO DE MATERIA - NOMBRE GEOGRAFICO [R]
Nombre geográfico [NR] Colombia
Subdivisión general [R] Historia
9 (RLIN) 26897
651 #4 - ASIENTO SECUNDARIO DE MATERIA - NOMBRE GEOGRAFICO [R]
Nombre geográfico [NR] Colombia
Subdivisión general [R] Condiciones sociales
9 (RLIN) 26896
690 ## - ASUNTO AGREGADO LOCAL DE ENTRADA - TÉRMINO TEMÁTICO (OCLC, RLIN)
9 (RLIN) 42761
Acceso temático local Cultura
700 1# - ASIENTO SECUNDARIO - NOMBRE PERSONAL [R]
Nombre personal [NR] Cassiani Herrera, Alfonso
Término de relación [R] compilador
9 (RLIN) 68351
700 1# - ASIENTO SECUNDARIO - NOMBRE PERSONAL [R]
Nombre personal [NR] Navarrete, María Cristina
9 (RLIN) 68352
942 ## - ELEMENTOS DE ENTRADA AGREGADOS (KOHA)
Sistema de clasificación DEWEY
Tema principal Sociología
Tipo de ítem principal el descrito en 300a Libro
Edición 1
Clasificación 305.8036
Parte restante de la signatura top. H673
Existencias
Fecha de último préstamo Total préstamos Total Renewals Signatura topográfica Código de barras Última vez visto Ejemplar Costo de reposición Price effective from Tipo de ítem Perdido Sistema de clasificación Dañado No prestable Tipo de ítem específico Suprimido Ubicación habitual Ubicación actual Localización Fecha de creación Proveedor Forma de adquisición Costo
02/10/2023 2 1 305.8036 H673 100145312 09/12/2025 Ej.1 26000.00 08/04/2015 Libro   DEWEY     Libro   Claustro Claustro 2do piso 08/04/2015 12 Donación 0.00